Gaming Quiz

Random Gaming or Pokémon Quiz

Dragon Type Pokemon Quiz Stats

 Plays Quiz not verified by Sporcle

Support Sporcle.
Go Orange.
Score 0/56 Timer 20:00
0 Plays Today
Hint Answer % Correct
148Dragonair
99%
147Dratini
98.4%
149Dragonite
98.4%
371Bagon
96.9%
373Salamence
96.9%
372Shelgon
96.4%
384Rayquaza
95.3%
487Giratina
95.3%
380Latias
94.8%
381Latios
94.8%
484Palkia
94.8%
887Dragapult
94.4%
890Eternatus
94.4%
230Kingdra
94.3%
330Flygon
94.3%
483Dialga
94.3%
329Vibrava
93.8%
443Gible
93.8%
444Gabite
93.8%
643Reshiram
93.8%
644Zekrom
93.8%
445Garchomp
93.3%
885Dreepy
93.3%
610Axew
92.2%
646Kyurem
92.2%
704Goomy
92.2%
705Sliggoo
92.2%
706Goodra
92.2%
Hint Answer % Correct
886Drakloak
92.1%
612Haxorus
91.7%
611Fraxure
91.2%
621Druddigon
91.2%
633Deino
91.2%
634Zweilous
90.7%
635Hydreigon
90.7%
334Altaria
90.2%
718Zygarde (50% Forme)
88.6%
780Drampa
88.6%
784Kommo-o
88.1%
783Hakamo-o
87.6%
782Jangmo-o
87%
776Turtonator
86.5%
884Duraludon
86.5%
697Tyrantrum
85%
696Tyrunt
84.5%
691Dragalge
83.9%
714Noibat
83.9%
715Noivern
83.9%
799Guzzlord
83.4%
895Regidrago
81.9%
840Applin
80.9%
841Flapple
80.9%
842Appletun
79.8%
882Dracovish
77.5%
804Naganadel
77.2%
880Dracozolt
76.4%

You're not logged in!

Compare scores with friends on all Sporcle quizzes.
OR
Log In

From the Vault

Reptiles of Africa

by Scuadrado

Nature is really cool, isn't it?
Remove Ads.
Support Sporcle.
Get the best of Sporcle when you Go Orange. This ad-free experience offers more features, more stats, and more fun while also helping to support Sporcle. Thank you for becoming a member.

Show Comments

Extras

Top Quizzes Today


Score Distribution

Your Account Isn't Verified!

In order to create a playlist on Sporcle, you need to verify the email address you used during registration. Go to your Sporcle Settings to finish the process.

Report this User

Report this user for behavior that violates our Community Guidelines.

Details: